| 000 | 01714cam a2200409 a 4500 | ||
|---|---|---|---|
| 999 | _c57804 | ||
| 001 | 11222755 | ||
| 003 | LIBRIS | ||
| 005 | 20210518130049.0 | ||
| 008 | 081119s2008 sw |||||||||||000 1|swe|c | ||
| 020 |
_a9789150500813 _qinb. |
||
| 040 |
_aLGEN _dL _dS _ea |
||
| 041 | _aswe | ||
| 082 | 0 | 4 |
_a839.708 _222 (machine generated) |
| 084 |
_aHc(s) _2kssb/8 |
||
| 245 | 1 | 0 | _aBarnens brev till Tomten |
| 250 | _a[Ny utg.] | ||
| 264 | 1 |
_aStockholm : _bTivoli, _c2008 |
|
| 300 |
_a140 s., [16] pl.-s. _bill. |
||
| 710 | 2 |
_aPosten _4pbl |
|
| 887 |
_a{"@id":"h1ttbgjt3swpdm6","modified":"2015-12-23T10:24:08+01:00","checksum":"46785087795"} _2librisxl |
||
| 887 |
_a{"@id":"48gg9x794p8584n","modified":"2008-12-02T13:27:30+01:00","checksum":"3668753123"} _2librisxl |
||
| 887 |
_a{"@id":"qv22cbvw2qfbwfh","modified":"2009-01-27T13:39:01+01:00","checksum":"30385262064"} _2librisxl |
||
| 887 |
_a{"@id":"7ckkt6nd32lp5ll","modified":"2009-01-19T13:01:57+01:00","checksum":"37250746916"} _2librisxl |
||
| 887 |
_a{"@id":"chpp0wdj2p8m7v1","modified":"2009-01-26T15:46:15+01:00","checksum":"-4079822814"} _2librisxl |
||
| 887 |
_a{"@id":"tz58h9202tkrnzn","modified":"2010-02-15T16:07:56+01:00","checksum":"37449986293"} _2librisxl |
||
| 942 |
_2z _cBOOK |
||